[Event "RUS-ch Blitz 2021"]
[Site "Sochi"]
[Date "2021.10.11"]
[Round "4.15"]
[White "Lobanov, Sergei"]
[Black "Kezin, Roman"]
[Result "1-0"]
[WhiteElo "2501"]
[BlackElo "2492"]
[Annotator "ChessBase"]
[PlyCount "77"]
[EventDate "2021.10.11"]
[EventType "blitz"]
[EventCountry "RUS"]
[SourceTitle "playchess.com"]
[Source "ChessBase"]
[SourceQuality "1"]
[TimeControl "180+2"]

1. e4 {[%emt 0:00:00]} c5 {[%emt 0:00:00]} 2. Nf3 {[%emt 0:00:04]} e6 {[%emt 0:
00:02]} 3. d4 {[%emt 0:00:00]} cxd4 {[%emt 0:00:00]} 4. Nxd4 {[%emt 0:00:00]}
Nc6 {[%emt 0:00:11]} 5. Nc3 {[%emt 0:00:01]} Qc7 {[%emt 0:00:00]} 6. Be3 {
[%emt 0:00:00]} a6 {[%emt 0:00:00]} 7. Qf3 {[%emt 0:00:11]} Ne5 {[%emt 0:00:00]
} 8. Qg3 {[%emt 0:00:00]} h5 {[%emt 0:00:00]} 9. Bf4 {[%emt 0:00:07]} d6 {
[%emt 0:00:00]} 10. Bg5 {[%emt 0:00:02]} b5 {[%emt 0:00:00]} 11. a3 {[%emt 0:
00:14]} Ng6 {[%emt 0:00:27]} 12. h4 {[%emt 0:00:24]} Nf6 {[%emt 0:00:21]} 13.
O-O-O {[%emt 0:00:12]} Rb8 {[%emt 0:00:45]} 14. f4 {[%emt 0:00:46]} b4 {
[%emt 0:00:05]} 15. axb4 {[%emt 0:00:01]} Rxb4 {[%emt 0:00:00]} 16. f5 {
[%emt 0:00:37]} Ne5 {[%emt 0:00:03]} 17. fxe6 {[%emt 0:00:00]} fxe6 {[%emt 0:
00:05]} 18. Nf3 {[%emt 0:00:17]} Be7 {[%emt 0:00:43]} 19. Nxe5 {[%emt 0:00:18]}
dxe5 {[%emt 0:00:00]} 20. Be2 {[%emt 0:00:04]} O-O {[%emt 0:00:15]} 21. Rhf1 {
[%emt 0:00:04]} Bb7 {[%emt 0:00:16]} 22. Bxf6 {[%emt 0:00:01]} Bxf6 {[%emt 0:
00:09]} 23. Bxh5 {[%emt 0:00:02]} Bxe4 {[%emt 0:00:05]} 24. Nxe4 {[%emt 0:00:
11]} Rxe4 {[%emt 0:00:00]} 25. Qg6 {[%emt 0:00:11]} Rf4 {[%emt 0:00:09]} 26.
Bf3 {[%emt 0:00:02]} e4 {[%emt 0:00:15]} 27. Bxe4 {[%emt 0:00:00]} Rxh4 {
[%emt 0:00:03]} 28. Rh1 {[%emt 0:00:05]} Qe5 {[%emt 0:00:02]} 29. Rxh4 {
[%emt 0:00:04]} Qxb2+ {[%emt 0:00:00]} 30. Kd2 {[%emt 0:00:00]} Qd4+ {[%emt 0:
00:03]} 31. Ke2 {[%emt 0:00:00]} Qc4+ {[%emt 0:00:02]} 32. Rd3 {[%emt 0:00:06]}
Bxh4 {[%emt 0:00:02]} 33. Qh7+ {[%emt 0:00:02]} Kf7 {[%emt 0:00:00]} 34. Qxh4 {
[%emt 0:00:00]} Qb5 {[%emt 0:00:03]} 35. Ke1 {[%emt 0:00:04]} Rc8 {[%emt 0:00:
04]} 36. Rf3+ {[%emt 0:00:00]} Ke8 {[%emt 0:00:02]} 37. Qh8+ {[%emt 0:00:00]}
Kd7 {[%emt 0:00:02]} 38. Qxg7+ {[%emt 0:00:01]} Kd6 {[%emt 0:00:00]} 39. Rd3+ {
[%emt 0:00:01]} 1-0

[Event "RUS-ch Blitz 2021"]
[Site "Sochi"]
[Date "2021.10.11"]
[Round "4.16"]
[White "Shubin, Kirill"]
[Black "Popov, Valerij"]
[Result "1-0"]
[WhiteElo "2463"]
[BlackElo "2537"]
[Annotator "ChessBase"]
[PlyCount "60"]
[EventDate "2021.10.11"]
[EventType "blitz"]
[EventCountry "RUS"]
[SourceTitle "playchess.com"]
[Source "ChessBase"]
[SourceQuality "1"]
[TimeControl "180+2"]

1. e4 {[%emt 0:00:00]} c5 {[%emt 0:00:00]} 2. Nf3 {[%emt 0:00:04]} a6 {[%emt 0:
00:00]} 3. g3 {[%emt 0:00:00]} b5 {[%emt 0:00:13]} 4. Bg2 {[%emt 0:00:00]} Bb7
{[%emt 0:00:00]} 5. Qe2 {[%emt 0:00:00]} g6 {[%emt 0:00:02]} 6. O-O {[%emt 0:
00:09]} Bg7 {[%emt 0:00:00]} 7. c3 {[%emt 0:00:04]} Nc6 {[%emt 0:00:11]} 8. d3
{[%emt 0:00:23]} d6 {[%emt 0:00:04]} 9. Be3 {[%emt 0:00:07]} e5 {[%emt 0:00:05]
} 10. Rd1 {[%emt 0:00:10]} Nf6 {[%emt 0:00:19]} 11. d4 {[%emt 0:00:16]} cxd4 {
[%emt 0:00:34]} 12. cxd4 {[%emt 0:00:00]} Qe7 {[%emt 0:00:03]} 13. dxe5 {
[%emt 0:00:22]} dxe5 {[%emt 0:00:00]} 14. Nc3 {[%emt 0:00:02]} O-O {[%emt 0:00:
33]} 15. Nd5 {[%emt 0:00:04]} Nxd5 {[%emt 0:00:07]} 16. exd5 {[%emt 0:00:00]}
Na5 {[%emt 0:00:15]} 17. d6 {[%emt 0:00:41]} Qd7 {[%emt 0:00:05]} 18. Bb6 {
[%emt 0:00:23]} Nc4 {[%emt 0:00:08]} 19. Bc7 {[%emt 0:00:00]} e4 {[%emt 0:00:
13]} 20. Nd4 {[%emt 0:00:17]} Nxd6 {[%emt 0:00:07]} 21. Bxd6 {[%emt 0:00:11]}
Qxd6 {[%emt 0:00:00]} 22. Nxb5 {[%emt 0:00:00]} Qb4 {[%emt 0:00:14]} 23. Nd6 {
[%emt 0:00:07]} Rab8 {[%emt 0:00:10]} 24. Nxb7 {[%emt 0:00:04]} Rxb7 {[%emt 0:
00:00]} 25. Qxe4 {[%emt 0:00:02]} Qxe4 {[%emt 0:00:05]} 26. Bxe4 {[%emt 0:00:
03]} Rxb2 {[%emt 0:00:02]} 27. Bd5 {[%emt 0:00:13]} Re8 {[%emt 0:00:21]} 28.
Bb3 {[%emt 0:00:00]} Re7 {[%emt 0:00:05]} 29. Rd8+ {[%emt 0:00:04]} Bf8 {
[%emt 0:00:00]} 30. Rc1 {[%emt 0:00:00]} Kg7 {[%emt 0:00:04]} 1-0

[Event "RUS-ch Blitz 2021"]
[Site "Sochi"]
[Date "2021.10.11"]
[Round "4.17"]
[White "Demidov, Mikhail"]
[Black "Skvortsov, Andrei"]
[Result "1-0"]
[WhiteElo "2551"]
[BlackElo "2138"]
[Annotator "ChessBase"]
[PlyCount "63"]
[EventDate "2021.10.11"]
[EventType "blitz"]
[EventCountry "RUS"]
[SourceTitle "playchess.com"]
[Source "ChessBase"]
[SourceQuality "1"]
[TimeControl "180+2"]

1. Nf3 {[%emt 0:00:00]} d5 {[%emt 0:00:03]} 2. g3 {[%emt 0:00:04]} Nc6 {
[%emt 0:00:00]} 3. d4 {[%emt 0:00:10]} Bf5 {[%emt 0:00:00]} 4. Bg2 {[%emt 0:00:
00]} e6 {[%emt 0:00:00]} 5. c3 {[%emt 0:00:12]} h6 {[%emt 0:00:13]} 6. Nbd2 {
[%emt 0:00:07]} Nf6 {[%emt 0:00:05]} 7. O-O {[%emt 0:00:00]} Be7 {[%emt 0:00:
01]} 8. Re1 {[%emt 0:00:03]} O-O {[%emt 0:00:04]} 9. b3 {[%emt 0:00:12]} a5 {
[%emt 0:00:00]} 10. a4 {[%emt 0:00:07]} Na7 {[%emt 0:00:09]} 11. Ne5 {[%emt 0:
00:08]} Nc8 {[%emt 0:00:00]} 12. f3 {[%emt 0:00:15]} c5 {[%emt 0:00:06]} 13. e3
{[%emt 0:00:09]} cxd4 {[%emt 0:00:12]} 14. exd4 {[%emt 0:00:00]} Nd6 {[%emt 0:
00:02]} 15. Ba3 {[%emt 0:00:12]} Rc8 {[%emt 0:00:04]} 16. Bb2 {[%emt 0:00:31]}
Nd7 {[%emt 0:00:26]} 17. Kh1 {[%emt 0:00:13]} f6 {[%emt 0:00:12]} 18. Ng4 {
[%emt 0:00:02]} Nf7 {[%emt 0:00:11]} 19. Ne3 {[%emt 0:00:06]} Bh7 {[%emt 0:00:
00]} 20. Rc1 {[%emt 0:00:03]} Re8 {[%emt 0:00:17]} 21. c4 {[%emt 0:00:01]} dxc4
{[%emt 0:00:02]} 22. Ndxc4 {[%emt 0:00:03]} Nd6 {[%emt 0:00:08]} 23. f4 {
[%emt 0:00:08]} b6 {[%emt 0:00:11]} 24. d5 {[%emt 0:00:06]} Ne4 {[%emt 0:00:53]
} 25. Ng4 {[%emt 0:00:26]} Ndc5 {[%emt 0:00:06]} 26. dxe6 {[%emt 0:00:17]} Qxd1
{[%emt 0:00:00]} 27. Rcxd1 {[%emt 0:00:00]} h5 {[%emt 0:00:05]} 28. Nxb6 {
[%emt 0:00:04]} hxg4 {[%emt 0:00:05]} 29. Nxc8 {[%emt 0:00:00]} Nf2+ {[%emt 0:
00:12]} 30. Kg1 {[%emt 0:00:04]} Nxd1 {[%emt 0:00:00]} 31. Nxe7+ {[%emt 0:00:
00]} Kf8 {[%emt 0:00:00]} 32. Rxd1 {[%emt 0:00:04]} 1-0

[Event "RUS-ch Blitz 2021"]
[Site "Sochi"]
[Date "2021.10.11"]
[Round "4.18"]
[White "Zubritskiy, Artyom"]
[Black "Babanin, Gleb"]
[Result "0-1"]
[WhiteElo "2442"]
[BlackElo "2094"]
[Annotator "ChessBase"]
[PlyCount "105"]
[EventDate "2021.10.11"]
[EventType "blitz"]
[EventCountry "RUS"]
[SourceTitle "playchess.com"]
[Source "ChessBase"]
[SourceQuality "1"]
[TimeControl "180+2"]

1. c4 {[%emt 0:00:00]} e6 {[%emt 0:00:00]} 2. Nf3 {[%emt 0:00:04]} d5 {[%emt 0:
00:01]} 3. b3 {[%emt 0:00:00]} Nf6 {[%emt 0:00:00]} 4. Bb2 {[%emt 0:00:12]} Be7
{[%emt 0:00:05]} 5. e3 {[%emt 0:00:00]} b6 {[%emt 0:00:06]} 6. d4 {[%emt 0:00:
01]} Bb7 {[%emt 0:00:00]} 7. Bd3 {[%emt 0:00:00]} Nbd7 {[%emt 0:00:05]} 8. Nbd2
{[%emt 0:00:04]} Ne4 {[%emt 0:00:06]} 9. O-O {[%emt 0:00:09]} O-O {[%emt 0:00:
04]} 10. Qc2 {[%emt 0:00:08]} f5 {[%emt 0:00:03]} 11. Rac1 {[%emt 0:00:06]} Bd6
{[%emt 0:00:08]} 12. Rfe1 {[%emt 0:01:31]} Rc8 {[%emt 0:00:02]} 13. Nf1 {
[%emt 0:00:02]} h5 {[%emt 0:00:14]} 14. Ne5 {[%emt 0:00:27]} Nxe5 {[%emt 0:00:
35]} 15. dxe5 {[%emt 0:00:03]} Bb4 {[%emt 0:00:00]} 16. Red1 {[%emt 0:00:00]}
Qe7 {[%emt 0:00:05]} 17. cxd5 {[%emt 0:00:16]} exd5 {[%emt 0:00:05]} 18. f3 {
[%emt 0:00:00]} Ng5 {[%emt 0:01:17]} 19. Bxf5 {[%emt 0:00:05]} Rcd8 {[%emt 0:
00:07]} 20. Qxc7 {[%emt 0:00:13]} Nxf3+ {[%emt 0:00:21]} 21. Kh1 {[%emt 0:00:
14]} Rxf5 {[%emt 0:00:10]} 22. Qxe7 {[%emt 0:00:00]} Bxe7 {[%emt 0:00:00]} 23.
Rc7 {[%emt 0:00:03]} Bc5 {[%emt 0:00:06]} 24. Rxb7 {[%emt 0:00:00]} Nxe5 {
[%emt 0:00:01]} 25. Ng3 {[%emt 0:00:05]} Rg5 {[%emt 0:00:04]} 26. Rxa7 {
[%emt 0:00:09]} Ng4 {[%emt 0:00:00]} 27. Re1 {[%emt 0:00:02]} Nf2+ {[%emt 0:00:
00]} 28. Kg1 {[%emt 0:00:00]} Nd3 {[%emt 0:00:00]} 29. Re2 {[%emt 0:00:04]}
Nxb2 {[%emt 0:00:09]} 30. Rxb2 {[%emt 0:00:00]} Bxe3+ {[%emt 0:00:00]} 31. Kh1
{[%emt 0:00:00]} h4 {[%emt 0:00:03]} 32. Nf1 {[%emt 0:00:00]} Bc5 {[%emt 0:00:
01]} 33. Rd2 {[%emt 0:00:08]} Rf5 {[%emt 0:00:00]} 34. Rd1 {[%emt 0:00:00]}
Rdf8 {[%emt 0:00:03]} 35. Nd2 {[%emt 0:00:02]} Bb4 {[%emt 0:00:05]} 36. Nf3 {
[%emt 0:00:03]} h3 {[%emt 0:00:00]} 37. Rd3 {[%emt 0:00:02]} hxg2+ {[%emt 0:00:
00]} 38. Kxg2 {[%emt 0:00:00]} R8f6 {[%emt 0:00:02]} 39. Rd7 {[%emt 0:00:05]}
Rg6+ {[%emt 0:00:00]} 40. Kf1 {[%emt 0:00:00]} Bc5 {[%emt 0:00:07]} 41. R7xd5 {
[%emt 0:00:01]} Rg1+ {[%emt 0:00:01]} 42. Ke2 {[%emt 0:00:02]} Rg2+ {[%emt 0:
00:02]} 43. Kd1 {[%emt 0:00:00]} Rxd5 {[%emt 0:00:03]} 44. Rxd5 {[%emt 0:00:03]
} Rxa2 {[%emt 0:00:03]} 45. Ng5 {[%emt 0:00:00]} Rxh2 {[%emt 0:00:04]} 46. Rd8+
{[%emt 0:00:03]} Bf8 {[%emt 0:00:00]} 47. Rb8 {[%emt 0:00:03]} Rh6 {[%emt 0:00:
00]} 48. Ke2 {[%emt 0:00:01]} Rg6 {[%emt 0:00:03]} 49. Ne4 {[%emt 0:00:03]} Re6
{[%emt 0:00:03]} 50. Kf3 {[%emt 0:00:00]} g6 {[%emt 0:00:03]} 51. b4 {[%emt 0:
00:05]} Kg7 {[%emt 0:00:03]} 52. Rb7+ {[%emt 0:00:02]} Be7 {[%emt 0:00:02]} 53.
Nc3 {[%emt 0:00:05]} 0-1

[Event "RUS-ch Blitz 2021"]
[Site "Sochi"]
[Date "2021.10.11"]
[Round "4.19"]
[White "Ivlev, Aleksey"]
[Black "Iljiushenok, Ilia"]
[Result "0-1"]
[WhiteElo "2315"]
[BlackElo "2554"]
[Annotator "ChessBase"]
[PlyCount "79"]
[EventDate "2021.10.11"]
[EventType "blitz"]
[EventCountry "RUS"]
[SourceTitle "playchess.com"]
[Source "ChessBase"]
[SourceQuality "1"]
[TimeControl "180+2"]

1. d4 {[%emt 0:00:00]} Nf6 {[%emt 0:00:00]} 2. c4 {[%emt 0:00:09]} g6 {[%emt 0:
00:02]} 3. Nc3 {[%emt 0:00:00]} Bg7 {[%emt 0:00:00]} 4. Nf3 {[%emt 0:00:00]} d6
{[%emt 0:00:00]} 5. Bg5 {[%emt 0:00:05]} h6 {[%emt 0:00:02]} 6. Bh4 {[%emt 0:
00:00]} g5 {[%emt 0:00:00]} 7. Bg3 {[%emt 0:00:00]} Nh5 {[%emt 0:00:00]} 8. e3
{[%emt 0:00:00]} c5 {[%emt 0:00:00]} 9. dxc5 {[%emt 0:00:34]} Nxg3 {[%emt 0:00:
04]} 10. hxg3 {[%emt 0:00:00]} dxc5 {[%emt 0:00:07]} 11. Qxd8+ {[%emt 0:00:00]}
Kxd8 {[%emt 0:00:00]} 12. O-O-O+ {[%emt 0:00:04]} Bd7 {[%emt 0:00:01]} 13. Bd3
{[%emt 0:00:22]} Nc6 {[%emt 0:00:08]} 14. Bf5 {[%emt 0:00:00]} e6 {[%emt 0:00:
01]} 15. Be4 {[%emt 0:00:00]} Ke7 {[%emt 0:00:07]} 16. g4 {[%emt 0:00:08]} Na5
{[%emt 0:00:29]} 17. Bd3 {[%emt 0:00:00]} a6 {[%emt 0:00:07]} 18. Kc2 {[%emt 0:
00:09]} Rab8 {[%emt 0:00:00]} 19. Ne4 {[%emt 0:00:21]} Rhc8 {[%emt 0:00:01]}
20. b3 {[%emt 0:00:13]} b5 {[%emt 0:00:01]} 21. Nfd2 {[%emt 0:00:00]} Nc6 {
[%emt 0:00:05]} 22. a3 {[%emt 0:00:06]} Ne5 {[%emt 0:00:11]} 23. Be2 {[%emt 0:
00:02]} Bc6 {[%emt 0:00:40]} 24. f4 {[%emt 0:00:32]} gxf4 {[%emt 0:00:20]} 25.
exf4 {[%emt 0:00:00]} Bxe4+ {[%emt 0:00:04]} 26. Nxe4 {[%emt 0:00:00]} Nc6 {
[%emt 0:00:00]} 27. Nxc5 {[%emt 0:00:45]} Nd4+ {[%emt 0:00:00]} 28. Rxd4 {
[%emt 0:00:02]} Bxd4 {[%emt 0:00:00]} 29. Ne4 {[%emt 0:00:00]} a5 {[%emt 0:00:
08]} 30. Rd1 {[%emt 0:00:04]} Bg7 {[%emt 0:00:19]} 31. f5 {[%emt 0:00:13]} bxc4
{[%emt 0:00:09]} 32. Bxc4 {[%emt 0:00:01]} a4 {[%emt 0:00:00]} 33. fxe6 {
[%emt 0:00:11]} axb3+ {[%emt 0:00:00]} 34. Kd3 {[%emt 0:00:00]} Rd8+ {[%emt 0:
00:03]} 35. Ke2 {[%emt 0:00:00]} Rxd1 {[%emt 0:00:03]} 36. Kxd1 {[%emt 0:00:00]
} b2 {[%emt 0:00:00]} 37. Nd2 {[%emt 0:00:06]} b1=Q+ {[%emt 0:00:05]} 38. Nxb1
{[%emt 0:00:00]} Rxb1+ {[%emt 0:00:02]} 39. Kc2 {[%emt 0:00:00]} Rb2+ {[%emt 0:
00:03]} 40. Kd3 {[%emt 0:00:01]} 0-1

[Event "RUS-ch Blitz 2021"]
[Site "Sochi"]
[Date "2021.10.11"]
[Round "4.21"]
[White "Zakhartsov, Vladimir"]
[Black "Timerkhanov, Alexander"]
[Result "1/2-1/2"]
[WhiteElo "2514"]
[BlackElo "2401"]
[Annotator "ChessBase"]
[PlyCount "83"]
[EventDate "2021.10.11"]
[EventType "blitz"]
[EventCountry "RUS"]
[SourceTitle "playchess.com"]
[Source "ChessBase"]
[SourceQuality "1"]
[TimeControl "180+2"]

1. e4 {[%emt 0:00:00]} c5 {[%emt 0:00:00]} 2. Nf3 {[%emt 0:00:00]} a6 {[%emt 0:
00:06]} 3. c3 {[%emt 0:00:03]} d5 {[%emt 0:00:00]} 4. exd5 {[%emt 0:00:00]}
Qxd5 {[%emt 0:00:18]} 5. d4 {[%emt 0:00:01]} Nf6 {[%emt 0:00:00]} 6. Be3 {
[%emt 0:00:00]} cxd4 {[%emt 0:00:00]} 7. cxd4 {[%emt 0:00:00]} e6 {[%emt 0:00:
00]} 8. Nc3 {[%emt 0:00:00]} Qd6 {[%emt 0:00:00]} 9. Rc1 {[%emt 0:00:33]} Nc6 {
[%emt 0:00:00]} 10. Bc4 {[%emt 0:00:07]} Be7 {[%emt 0:00:29]} 11. O-O {[%emt 0:
00:00]} O-O {[%emt 0:00:04]} 12. Qe2 {[%emt 0:00:23]} b5 {[%emt 0:00:07]} 13.
Bd3 {[%emt 0:00:17]} Bb7 {[%emt 0:00:00]} 14. Ne4 {[%emt 0:00:06]} Nxe4 {
[%emt 0:00:18]} 15. Bxe4 {[%emt 0:00:00]} Bf6 {[%emt 0:00:34]} 16. Rfd1 {
[%emt 0:00:45]} Na5 {[%emt 0:00:16]} 17. Bxb7 {[%emt 0:00:34]} Nxb7 {[%emt 0:
00:00]} 18. Bg5 {[%emt 0:00:03]} Bxg5 {[%emt 0:00:18]} 19. Nxg5 {[%emt 0:00:00]
} Qd5 {[%emt 0:00:04]} 20. h4 {[%emt 0:00:09]} h6 {[%emt 0:00:07]} 21. Ne4 {
[%emt 0:00:00]} Rac8 {[%emt 0:00:07]} 22. Nc3 {[%emt 0:00:06]} Qc4 {[%emt 0:00:
14]} 23. Qf3 {[%emt 0:00:25]} Nd6 {[%emt 0:00:00]} 24. d5 {[%emt 0:00:02]} e5 {
[%emt 0:00:00]} 25. g3 {[%emt 0:00:09]} b4 {[%emt 0:00:08]} 26. b3 {[%emt 0:00:
00]} Qc5 {[%emt 0:00:14]} 27. Ne4 {[%emt 0:00:08]} Qxc1 {[%emt 0:00:00]} 28.
Nxd6 {[%emt 0:00:00]} Qc3 {[%emt 0:00:22]} 29. Qg4 {[%emt 0:00:02]} Rcd8 {
[%emt 0:00:03]} 30. Nf5 {[%emt 0:00:00]} g6 {[%emt 0:00:03]} 31. Nxh6+ {
[%emt 0:00:03]} Kh7 {[%emt 0:00:00]} 32. Nf5 {[%emt 0:00:02]} gxf5 {[%emt 0:00:
12]} 33. Qh5+ {[%emt 0:00:00]} Kg7 {[%emt 0:00:00]} 34. Qg5+ {[%emt 0:00:03]}
Kh7 {[%emt 0:00:01]} 35. Qh5+ {[%emt 0:00:01]} Kg7 {[%emt 0:00:00]} 36. Qg5+ {
[%emt 0:00:03]} Kh7 {[%emt 0:00:00]} 37. Qxf5+ {[%emt 0:00:01]} Kg7 {[%emt 0:
00:05]} 38. Qg5+ {[%emt 0:00:03]} Kh7 {[%emt 0:00:00]} 39. Qh5+ {[%emt 0:00:04]
} Kg7 {[%emt 0:00:00]} 40. Qg5+ {[%emt 0:00:00]} Kh7 {[%emt 0:00:00]} 41. Qf5+
{[%emt 0:00:01]} Kg7 {[%emt 0:00:05]} 42. Qg5+ {[%emt 0:00:03]} 1/2-1/2

[Event "RUS-ch Blitz 2021"]
[Site "Sochi"]
[Date "2021.10.11"]
[Round "4.22"]
[White "Nuristani, Iman"]
[Black "Savchenko, Boris"]
[Result "0-1"]
[WhiteElo "2171"]
[BlackElo "2535"]
[Annotator "ChessBase"]
[PlyCount "90"]
[EventDate "2021.10.11"]
[EventType "blitz"]
[EventCountry "RUS"]
[SourceTitle "playchess.com"]
[Source "ChessBase"]
[SourceQuality "1"]
[TimeControl "180+2"]

1. d4 {[%emt 0:00:00]} Nf6 {[%emt 0:00:00]} 2. Bg5 {[%emt 0:00:06]} c5 {
[%emt 0:00:01]} 3. Bxf6 {[%emt 0:00:16]} gxf6 {[%emt 0:00:01]} 4. d5 {[%emt 0:
00:00]} Qb6 {[%emt 0:00:00]} 5. Qc1 {[%emt 0:00:00]} f5 {[%emt 0:00:00]} 6. c4
{[%emt 0:00:01]} Bg7 {[%emt 0:00:04]} 7. Nc3 {[%emt 0:00:00]} d6 {[%emt 0:00:
06]} 8. e3 {[%emt 0:00:05]} Nd7 {[%emt 0:00:00]} 9. Bd3 {[%emt 0:00:00]} Ne5 {
[%emt 0:00:03]} 10. Be2 {[%emt 0:00:05]} h5 {[%emt 0:00:26]} 11. Nf3 {[%emt 0:
00:15]} h4 {[%emt 0:00:03]} 12. h3 {[%emt 0:00:37]} Bd7 {[%emt 0:00:17]} 13.
Qc2 {[%emt 0:00:03]} a6 {[%emt 0:00:00]} 14. Nd2 {[%emt 0:00:40]} Bf6 {[%emt 0:
00:54]} 15. f4 {[%emt 0:00:00]} Ng6 {[%emt 0:00:02]} 16. Bd3 {[%emt 0:00:07]}
e6 {[%emt 0:00:00]} 17. O-O {[%emt 0:00:20]} Rg8 {[%emt 0:00:00]} 18. Kh1 {
[%emt 0:00:07]} Ne7 {[%emt 0:00:13]} 19. e4 {[%emt 0:00:05]} O-O-O {[%emt 0:00:
17]} 20. Rab1 {[%emt 0:00:14]} Qc7 {[%emt 0:00:05]} 21. a3 {[%emt 0:00:12]} Bd4
{[%emt 0:00:16]} 22. b4 {[%emt 0:00:06]} fxe4 {[%emt 0:00:03]} 23. Bxe4 {
[%emt 0:00:14]} cxb4 {[%emt 0:00:13]} 24. axb4 {[%emt 0:00:05]} Bxc3 {[%emt 0:
00:04]} 25. Qxc3 {[%emt 0:00:06]} exd5 {[%emt 0:00:08]} 26. Bf3 {[%emt 0:00:00]
} Bb5 {[%emt 0:00:04]} 27. Rfe1 {[%emt 0:00:09]} dxc4 {[%emt 0:00:00]} 28. Qf6
{[%emt 0:00:00]} Rge8 {[%emt 0:00:07]} 29. Rbc1 {[%emt 0:00:00]} d5 {[%emt 0:
00:03]} 30. Qxf7 {[%emt 0:00:06]} Qd6 {[%emt 0:00:05]} 31. Re6 {[%emt 0:00:00]}
Qxb4 {[%emt 0:00:00]} 32. Nf1 {[%emt 0:00:04]} Bd7 {[%emt 0:00:02]} 33. Re2 {
[%emt 0:00:00]} Bc6 {[%emt 0:00:04]} 34. Rec2 {[%emt 0:00:03]} Qd6 {[%emt 0:00:
01]} 35. Qh5 {[%emt 0:00:00]} Qxf4 {[%emt 0:00:01]} 36. Rb1 {[%emt 0:00:05]}
Kb8 {[%emt 0:00:05]} 37. Qh7 {[%emt 0:00:00]} Nf5 {[%emt 0:00:01]} 38. Qg6 {
[%emt 0:00:05]} Rg8 {[%emt 0:00:00]} 39. Qxc6 {[%emt 0:00:01]} Qc7 {[%emt 0:00:
13]} 40. Qe6 {[%emt 0:00:00]} Nd4 {[%emt 0:00:00]} 41. Qb6 {[%emt 0:00:04]}
Qxb6 {[%emt 0:00:02]} 42. Rxb6 {[%emt 0:00:00]} Nxc2 {[%emt 0:00:03]} 43. Nd2 {
[%emt 0:00:01]} Nd4 {[%emt 0:00:00]} 44. Bg4 {[%emt 0:00:00]} Kc7 {[%emt 0:00:
02]} 45. Rb1 {[%emt 0:00:01]} b5 {[%emt 0:00:00]} 0-1

[Event "RUS-ch Blitz 2021"]
[Site "Sochi"]
[Date "2021.10.11"]
[Round "4.23"]
[White "Keosidi, Konstantin"]
[Black "Nozdrachev, Vladislav"]
[Result "0-1"]
[WhiteElo "2404"]
[BlackElo "2495"]
[Annotator "ChessBase"]
[PlyCount "50"]
[EventDate "2021.10.11"]
[EventType "blitz"]
[EventCountry "RUS"]
[SourceTitle "playchess.com"]
[Source "ChessBase"]
[SourceQuality "1"]
[TimeControl "180+2"]

1. e4 {[%emt 0:00:00]} e5 {[%emt 0:00:00]} 2. Nf3 {[%emt 0:00:00]} Nc6 {
[%emt 0:00:07]} 3. Nc3 {[%emt 0:00:03]} Bc5 {[%emt 0:00:08]} 4. Nxe5 {[%emt 0:
00:00]} Nxe5 {[%emt 0:00:00]} 5. d4 {[%emt 0:00:09]} Bd6 {[%emt 0:00:00]} 6.
dxe5 {[%emt 0:00:00]} Bxe5 {[%emt 0:00:00]} 7. f4 {[%emt 0:00:06]} Bxc3+ {
[%emt 0:00:05]} 8. bxc3 {[%emt 0:00:02]} Qe7 {[%emt 0:00:03]} 9. Qd4 {[%emt 0:
00:46]} Nf6 {[%emt 0:00:12]} 10. Bd3 {[%emt 0:00:00]} d5 {[%emt 0:00:43]} 11.
e5 {[%emt 0:00:06]} c5 {[%emt 0:00:03]} 12. Bb5+ {[%emt 0:00:12]} Bd7 {[%emt 0:
00:02]} 13. Bxd7+ {[%emt 0:00:00]} Qxd7 {[%emt 0:00:03]} 14. Qxc5 {[%emt 0:00:
11]} Ne4 {[%emt 0:00:00]} 15. Qb4 {[%emt 0:00:26]} a5 {[%emt 0:00:14]} 16. Qd4
{[%emt 0:00:15]} Rc8 {[%emt 0:00:00]} 17. O-O {[%emt 0:00:09]} Nxc3 {[%emt 0:
00:15]} 18. Re1 {[%emt 0:00:11]} O-O {[%emt 0:00:03]} 19. Ba3 {[%emt 0:00:05]}
Nb5 {[%emt 0:00:09]} 20. Qa4 {[%emt 0:00:08]} Rc4 {[%emt 0:00:06]} 21. Qxa5 {
[%emt 0:00:02]} b6 {[%emt 0:00:28]} 22. Qa6 {[%emt 0:00:00]} Rfc8 {[%emt 0:00:
18]} 23. Rab1 {[%emt 0:00:06]} Nd4 {[%emt 0:00:16]} 24. Bd6 {[%emt 0:00:31]}
Rxc2 {[%emt 0:00:06]} 25. Qxb6 {[%emt 0:00:00]} Qg4 {[%emt 0:00:01]} 0-1

[Event "RUS-ch Blitz 2021"]
[Site "Sochi"]
[Date "2021.10.11"]
[Round "4.24"]
[White "Maltsevskaya, Aleksandra"]
[Black "Bologan, Victor"]
[Result "0-1"]
[WhiteElo "2411"]
[BlackElo "2574"]
[Annotator "ChessBase"]
[PlyCount "74"]
[EventDate "2021.10.11"]
[EventType "blitz"]
[EventCountry "RUS"]
[SourceTitle "playchess.com"]
[Source "ChessBase"]
[SourceQuality "1"]
[TimeControl "180+2"]

1. e4 {[%emt 0:00:00]} c5 {[%emt 0:00:07]} 2. Nf3 {[%emt 0:00:02]} e6 {[%emt 0:
00:00]} 3. g3 {[%emt 0:00:12]} b6 {[%emt 0:00:00]} 4. Bg2 {[%emt 0:00:08]} Bb7
{[%emt 0:00:00]} 5. d3 {[%emt 0:00:00]} d6 {[%emt 0:00:10]} 6. a4 {[%emt 0:00:
07]} a6 {[%emt 0:00:03]} 7. Nbd2 {[%emt 0:00:06]} Nf6 {[%emt 0:00:04]} 8. O-O {
[%emt 0:00:05]} Be7 {[%emt 0:00:00]} 9. Nc4 {[%emt 0:00:04]} d5 {[%emt 0:00:16]
} 10. exd5 {[%emt 0:00:11]} exd5 {[%emt 0:00:00]} 11. Ne3 {[%emt 0:00:21]} g6 {
[%emt 0:00:16]} 12. d4 {[%emt 0:00:12]} O-O {[%emt 0:00:07]} 13. a5 {[%emt 0:
00:00]} bxa5 {[%emt 0:00:05]} 14. Ne5 {[%emt 0:00:29]} Qc7 {[%emt 0:00:34]} 15.
N5g4 {[%emt 0:00:14]} Nbd7 {[%emt 0:00:07]} 16. dxc5 {[%emt 0:00:12]} Qxc5 {
[%emt 0:00:07]} 17. Bd2 {[%emt 0:00:08]} h5 {[%emt 0:00:43]} 18. Nxf6+ {
[%emt 0:00:08]} Nxf6 {[%emt 0:00:02]} 19. Rxa5 {[%emt 0:00:00]} Qb6 {[%emt 0:
00:00]} 20. Bc3 {[%emt 0:00:39]} Rfd8 {[%emt 0:00:15]} 21. Nxd5 {[%emt 0:00:07]
} Bxd5 {[%emt 0:00:18]} 22. Bxd5 {[%emt 0:00:00]} Rac8 {[%emt 0:00:02]} 23.
Bxf6 {[%emt 0:00:20]} Qxa5 {[%emt 0:00:11]} 24. Bxe7 {[%emt 0:00:00]} Rxd5 {
[%emt 0:00:00]} 25. Qf3 {[%emt 0:00:05]} Rxc2 {[%emt 0:00:09]} 26. b4 {[%emt 0:
00:00]} Qb5 {[%emt 0:00:00]} 27. Bc5 {[%emt 0:00:02]} Rf5 {[%emt 0:00:03]} 28.
Qe4 {[%emt 0:00:00]} Qc4 {[%emt 0:00:01]} 29. Qe8+ {[%emt 0:00:03]} Kh7 {
[%emt 0:00:03]} 30. Qd7 {[%emt 0:00:05]} Rc1 {[%emt 0:00:04]} 31. Rxc1 {
[%emt 0:00:00]} Qxc1+ {[%emt 0:00:00]} 32. Kg2 {[%emt 0:00:00]} Qc4 {[%emt 0:
00:01]} 33. Qe8 {[%emt 0:00:00]} Qe6 {[%emt 0:00:01]} 34. Qb8 {[%emt 0:00:08]}
Qc6+ {[%emt 0:00:00]} 35. Kg1 {[%emt 0:00:01]} Qd5 {[%emt 0:00:00]} 36. h4 {
[%emt 0:00:02]} Re5 {[%emt 0:00:05]} 37. Kh2 {[%emt 0:00:03]} Re1 {[%emt 0:00:
01]} 0-1